Generalized translation operators and some of their applications /

Guardado en:
Autor Principal: Levitan, Boris Moiseevich.
Formato: Libro
Idioma:English
Russian
Publicado: Jerusalem : Israel Program for Scientific Translations, 1964.
Materias:
Etiquetas: Agregar Etiqueta
Sin Etiquetas, Sea el primero en etiquetar este registro!
LEADER 00973nam a22002535a 4500
001 MAT.inmabb004640
008 831031s1964####is#a#####b####000#0#eng##
005 20160811124117.0
245 1 0 |a Generalized translation operators and some of their applications /  |c B. M. Levitan ; translated from Russian [by Z. Lerman]. 
260 |a Jerusalem :  |b Israel Program for Scientific Translations,  |c 1964. 
300 |a v, 200 p. :  |b il. ;  |c 25 cm. 
500 |a Traducción de: Operatory obshchennogo sdviga i nekotorye ikh primeneniia. 1962. 
504 |a Bibliografía: p. 195-200. 
510 4 |a MR,  |c 30 #2344 
100 1 |a Levitan, Boris Moiseevich. 
240 1 0 |a Operatory obshchennogo sdviga i nekotorye ikh primeneniia.  |l Inglés 
650 0 |a Calculus, Operational. 
650 0 |a Harmonic analysis. 
650 0 |a Functional analysis. 
084 |a 47.25  |2 MR 
010 |a  65001112  
040 |a DLC/ICU  |c ICU  |d DLC 
041 1 |a eng  |h rus 
859 |h 47?  |i L666  |p A-4413  |b BIB. MATEMATICA